La Conférence d'Algésiras (Record no. 128833)
[ view plain ]
| 000 -LEADER | |
|---|---|
| campo de control de longitud fija | 00684nam a2200217 i 4500 |
| 001 - NÚMERO DE CONTROL | |
| campo de control | 128833 |
| 003 - IDENTIFICADOR DE NÚMERO DE CONTROL | |
| campo de control | ES-MaACL |
| 005 - FECHA Y HORA DE LA ÚLTIMA TRANSACCIÓN | |
| campo de control | 20230906193353.0 |
| 007 - CAMPO FIJO DE DESCRIPCIÓN FÍSICA--INFORMACIÓN GENERAL | |
| campo de control de longitud fija | t| |
| 008 - DATOS DE LONGITUD FIJA--INFORMACIÓN GENERAL | |
| campo de control de longitud fija | 070528s1908 fr ||||1| fre d |
| 080 ## - NÚMERO DE LA CLASIFICACIÓN DECIMAL UNIVERSAL | |
| Número de la Clasificación Decimal Universal | 327(460:64)"19" |
| 100 1# - ENTRADA PRINCIPAL--NOMBRE DE PERSONA | |
| Nombre de persona | Tardieu, André. |
| 9 (RLIN) | 109273 |
| 245 13 - MENCIÓN DEL TÍTULO | |
| Título | La Conférence d'Algésiras |
| Resto del título | : histoire diplomatique de la crise marocaine(15 janvier-7 abril 1906) / |
| Mención de responsabilidad, etc. | par André Tardieu. |
| 250 ## - MENCION DE EDICION | |
| Mención de edición | 10ª ed. |
| 260 ## - PUBLICACIÓN, DISTRIBUCIÓN, ETC. | |
| Lugar de publicación, distribución, etc. | Paris : |
| Nombre del editor, distribuidor, etc. | Alcan, |
| Fecha de publicación, distribución, etc. | 1908. |
| 300 ## - DESCRIPCIÓN FÍSICA | |
| Extensión | 55 p. ; |
| Dimensiones | 23 cm. |
| 490 1# - MENCIÓN DE SERIE | |
| Mención de serie | Bibliothèque d'histoire contemporaine |
| 830 0# - PUNTO DE ACCESO ADICIONAL DE SERIE-TÍTULO UNIFORME | |
| Título uniforme | Bibliothèque d'histoire contemporaine |
| 9 (RLIN) | 180875 |
| 852 ## - LOCALIZACIÓN | |
| Ubicación | ES-MaACL |
| Número de control de estantería | G-7545 |
| Estatus retirado | Estado de pérdida | Estado de daño | No para préstamo | Biblioteca de origen | Biblioteca actual | Ubicación en estantería | Fecha de adquisición | Fuente de adquisición | Total de préstamos | Signatura topográfica completa | Código de barras | Visto por última vez | Precio de reemplazo | Tipo de ítem Koha |
|---|---|---|---|---|---|---|---|---|---|---|---|---|---|---|
| Biblioteca del Ateneo de Madrid | Biblioteca del Ateneo de Madrid | Sala Pecera Planta 3 | 17/01/2008 | G-7545 | 1134167 | 23/02/2023 | 23/02/2023 | Libro impreso |
